000 01690namaa22003251i 4500
005 20251221121943.0
008 251124s1995 ua a|||frm||| 000 0 eng d
040 _aEG-GICUC
_beng
_cEG-GICUC
_dEG-GICUC
_erda
041 0 _aeng
_beng
_bara
049 _aDeposit
097 _aM.Sc
099 _aCai01.07.02.M.Sc.1995.Kh.U.
100 0 _aKhaled Mohamed Abd EL-Bary,
_epreparation.
245 1 0 _aUsing Of Evaporative Cooling System For Improving The Interior Poultry Housing Environment And Its Effect On Poultry Performance Parameters Under Egyptian Conditions /
_cBy Khaled Mohamed Abd EL-Bary; Approved By Prof.Dr. Ahmed Soliman Hozaien, Prof.Dr. Mohamed Hashem Hatem, Prof.Dr. Ezzat Abdel Moniem Abdel Ghafar.
246 1 5 _aإستخدام نظام التبريد التبخيري لتحسين البيئة الداخلية لمنشئات الدواجن وتأثيره على معدلات أدائها تحت الظروف المصرية
264 0 _c1995.
300 _a141 Leaves :
_billustrations ;
_c30 cm. +
336 _2rda content
_atext
337 _2rdamedia
_aUnmediated
338 _2rdacarrier
_avolume
502 _aThesis (M.Sc.)-Cairo University, 1995.
504 _aBibliography: pages 126-130.
653 0 _aAgricultural Engineering
700 0 _aAhmed Soliman Hozaien
_ethesis advisor.
700 0 _aMohamed Hashem Hatem
_ethesis advisor.
700 0 _aEzzat Abdel Moniem Abdel Ghafar
_ethesis advisor.
900 _DDepartment of Agricultural Engineering
_FFaculty of Agriculture
_UCairo University
_b1995
_cAhmed Soliman Hozaien
_cMohamed Hashem Hatem
_cEzzat Abdel Moniem Abdel Ghafar
905 _aEman El gebaly
_eNourhan
942 _2ddc
_cTH
_e21
_n0
999 _c176147